01191nab a22002297a 4500003000400000005001700004008004100021040000700062100002200069245011600091260007300207300001300280500002700293505028800320505008200608650001800690650002200708650003000730650002100760700003100781773014900812OSt20251215145401.0190429b xxu||||| |||| 00| 0 spa d cPJ aArdoy, Leandro A.13aEl (lento) despertar jurisprudencial de los delitos contra el ambiente /cLeandro A. Ardoy, Juan S. Podhainy.  cCiudad Autónoma de Buenos Aires :aThomson Reuters La Ley, b2025. ap. 57-70 aCita: AR/DOC/176/2025. aSumario: I. Introducción.— II. Casos y contextos.— III. Sentencias (condenatorias).— IV. Dificultades probatorias. Prueba científica y de informes (y el conocimiento y el proceso como territorio de disputa).— V. Conclusiones, y aproximaciones subjetivas y estratégicas. tSi te interesa el texto completo, solicitalo a koha@justierradelfuego.gov.ar  0aDERECHO PENAL 0aDERECHO AMBIENTAL 0aCONTAMINACIÓN AMBIENTAL 0aDAÑO AMBIENTAL aPodhainy, Juan S.ecoautor0 02658tRevista de derecho penal y criminología. Nº 2 - Marzo 2025dCiudad Autónoma de Buenos Aires : Thomson Reuters La Ley, 2017-x00347914